NBA DPOY - Statistics

General Stats
  • This quiz has been taken 10 times
  • The average score is 31 of 44
Answer Stats
Hint Answer % Correct
2018 Rudy Gobert
100%
2019 Rudy Gobert
100%
2021 Rudy Gobert
100%
2024 Rudy Gobert
100%
2026 Victor Wembanyama
100%
2017 Draymond Green
90%
1993 Hakeem Olajuwon
90%
1994 Hakeem Olajuwon
90%
1988 Michael Jordan
90%
2025 Evan Mobley
80%
2020 Giannis Antetokounmpo
80%
2015 Kawhi Leonard
80%
2016 Kawhi Leonard
80%
2002 Ben Wallace
70%
2003 Ben Wallace
70%
2005 Ben Wallace
70%
2006 Ben Wallace
70%
1995 Dikembe Mutombo
70%
1997 Dikembe Mutombo
70%
1998 Dikembe Mutombo
70%
2001 Dikembe Mutombo
70%
1996 Gary Payton
70%
2022 Marcus Smart
70%
1992 David Robinson
60%
1990 Dennis Rodman
60%
1991 Dennis Rodman
60%
2009 Dwight Howard
60%
2010 Dwight Howard
60%
2011 Dwight Howard
60%
2023 Jaren Jackson Jr.
60%
2014 Joakim Noah
60%
2008 Kevin Garnett
60%
2013 Marc Gasol
60%
2007 Marcus Camby
60%
1985 Mark Eaton
60%
1989 Mark Eaton
60%
1987 Michael Cooper
60%
1999 Alonzo Mourning
50%
2000 Alonzo Mourning
50%
2004 Metta World Peace
50%
1983 Sidney Moncrief
50%
1984 Sidney Moncrief
50%
1986 Alvin Robertson
40%
2012 Tyson Chandler
40%
No matching quizzes found
Score Distribution
Percent of People with Each Score
Percentile by Number Answered
Your Score History
You have not taken this quiz